Taiwania.

שמור ב:
מידע ביבליוגרפי
הכותר הקודם:Acta botanica taiwanica
מחבר תאגידי: Guo li Taiwan da xue. Zhi wu xue xi
פורמט: כתב-עת
שפה:English
יצא לאור: Taipei, : Dept. of Botany, College of Science, National Taiwan University.
נושאים:
LEADER 03000cas a2200601 a 4500
001 c000281274
003 CARM
005 20081117093010.0
008 760712c19489999ch ar p 0 a0engxd
010 |a sn 85005487 
019 1 |a 4482060  |z 942328  |5 LACONCORD2021 
022 |a 0372-333X  |y 0065-1125 
030 |a TWNAAM 
035 |a (OCoLC)2450965  |5 LACONCORD2021 
040 |a ANL  |c ANL 
042 |a nsdp 
043 |a a-ch--- 
050 1 4 |a QK1  |b .T13 
210 0 |a Taiwania 
222 0 |a Taiwania 
245 0 0 |a Taiwania. 
246 1 5 |a Kuo li T'ai-wan ta hsueh li hsueh yuan chih wu hsueh hsi yen chiu pao kao 
260 |a Taipei, :  |b Dept. of Botany, College of Science, National Taiwan University. 
300 |a v. :  |b ill. ;  |c 27 cm. 
310 |a Annual 
362 0 |a no. 1- May 1948- 
500 |a "Science reports of the Botany Dept. of the National Taiwan University." 
510 2 |a Bibliography of agriculture,  |x 0006-1530 
510 2 |a Life sciences collection 
510 2 |a Chemical abstracts,  |x 0009-2258,  |b -1988 
515 |a No. 1-4 also called v. 1, no. 1-4. 
530 |a Also available in an electronic version on the Internet. Viewed on 15 March 2007 at: http://tai2.ntu.edu.tw/udth/bin/taiwania.exe. 
650 0 |a Botany  |z Taiwan  |v Periodicals. 
650 0 |a Botany  |v Periodicals. 
710 2 |a Guo li Taiwan da xue.  |b Zhi wu xue xi.  |t Yan jiu bao gao. 
780 0 2 |t Acta botanica taiwanica 
852 8 |b CARM  |h A3:AR03C4  |i F03720  |p 0498510  |f SE 
852 8 |b CARM  |h A3:AR03C4  |i F03720  |p 0498511  |f SE 
852 8 |b CARM  |h A1:AQ14C0  |i F03505  |p 0463881  |f SE 
852 8 |b CARM  |h A1:AQ38F0  |i F03567  |p 0498668  |f SE 
852 8 |b CARM  |h A1:AR37C0  |i F03585  |p 0394700  |f SE 
852 8 |b CARM  |h A3:AB26E0  |i F05498  |p 0517703  |f SE 
852 8 |b CARM  |h A3:AB30F0  |i C11401  |p 0517765  |f SE 
866 0 |a 35:1(1990:03)-49:4(2004:12) Inc. 
866 0 |a 35:1(1990:03)-49:4(2004:12) Inc. 
999 f f |i a953f151-4ecc-5c5d-8311-93a9415b56b0  |s dc2ccc87-e74a-5825-80fe-b40b496fd0ee 
952 f f |p Can circulate  |a CAVAL  |b CAVAL  |c CAVAL  |d CARM 1 Store  |e F03567  |f A1:AQ38F0  |h Other scheme  |i book  |k 43(1998)  |m 0498668 
952 f f |p Can circulate  |a CAVAL  |b CAVAL  |c CAVAL  |d CARM 1 Store  |e F03720  |f A3:AR03C4  |h Other scheme  |i book  |k 37:1(1992:03)-37:2(1992:12)  |m 0498510 
952 f f |p Can circulate  |a CAVAL  |b CAVAL  |c CAVAL  |d CARM 1 Store  |e F03720  |f A3:AR03C4  |h Other scheme  |i book  |k 48:1(2003:03)-48:4(2004:12)  |m 0498511 
952 f f |p Can circulate  |a CAVAL  |b CAVAL  |c CAVAL  |d CARM 1 Store  |e F03585  |f A1:AR37C0  |h Other scheme  |i book  |k 44:1(1999:03)-44:3(1999:09); 45(2000)-46:1(2001:03), 46:3(2001:09)-47:4(2002:12)  |m 0394700 
952 f f |p Can circulate  |a CAVAL  |b CAVAL  |c CAVAL  |d CARM 1 Store  |e C11401  |f A3:AB30F0  |h Other scheme  |i book  |k 35:1(1990:03)-36:4(1991:12)  |m 0517765 
952 f f |p Can circulate  |a CAVAL  |b CAVAL  |c CAVAL  |d CARM 1 Store  |e F05498  |f A3:AB26E0  |h Other scheme  |i book  |k 38:1/2((1993:01)-42:4(1997:12)  |m 0517703 
952 f f |p Can circulate  |a CAVAL  |b CAVAL  |c CAVAL  |d CARM 1 Store  |e F03505  |f A1:AQ14C0  |h Other scheme  |i book  |k 49:1(2004:03)-49:4(2004:12)  |m 0463881